Statistics for "C" Synonyms

Click here to take the quiz!

General Stats

  • This quiz has been taken 96 times
  • The average score is 11 of 20

Answer Stats

WordC Synonym% Correct
VehicleCar
91%
WeepCry
84%
JavaCoffee
80%
NearClose
79%
InsaneCrazy
79%
AccurateCorrect
70%
StopCease
64%
SureCertain
56%
SeizeCapture
53%
FinishComplete
51%
UnderstandComprehend
51%
AwareConscious / Cognizant
47%
PersistContinue
47%
TeaChai
46%
AdmitConfess
46%
LinkConnect
42%
ValorCourage
42%
MuddleConfuse
30%
SqueezeCondense / Compress
17%
SubmitComply / Conform
15%

Score Distribution

Percentile by Number Answered

Percent of People with Each Score

Your Score History

You have not taken this quiz